00435nam a2200157Ia 4500008004100000020000700041082001400048100002200062245002200084250000800106260004500114300002800159500001900187600002100206650005000227240925s9999 xx 000 0 und d aNA a004.6 ARO aArokiamary , V .J 0aMobile Computing  a2nd aChennai:bTechnical Publicationsc,2008. axvi,527p.bNAfOriginal aIncludes Index aComputer Science aComputer science, information & general works